000 00942nam a22002297a 4500
999 _c848
_d848
003 AR-CdUCM
008 190225b ||||| |||| 00| 0 spa d
040 _aMUNICIPALIDAD PROVINCIAL DEL CUSCO
_cBIBLIOTECA MUNICIPAL DEL CUSCO
082 _a985.612 /
_bAN61
100 _aAngles Vargas, Victor
_93228
245 _aSaqsaywaman /
260 _aCusco:
_bMunicipalidad del Cusco,
_c1986.
300 _a134 páginas ;
_c20 cm.
505 _aContenido: El parque arqueológico de Saqsaywaman -- Los constructores de Saqsaywaman -- Los torreones de Saqsaywaman -- Las puertas de Saqsaywaman -- Saqsaywaman fue Real Casa del Sol y no fortaleza -- Cusco tenía forma de puma, cuya cabeza era Saqsaywaman...
650 _aHistoria del Cusco
_91714
650 _aSaqsaywaman
_93229
650 _aIncas
_9303
650 _aCentros arqueológicos
_93230
710 _aMunicipalidad del Cusco
_9876
942 _2ddc
_cLIBROS
945 _alccs
_d2019-02-25